Sports Quiz

Random Sports or NFL Quiz

NFL Top 10 QB/RB/WR (2000s) Quiz Stats

 Plays Quiz Updated Nov 17, 2017

Challenge
Share
Tweet
Embed
Score 0/30 Timer 05:00
2 Plays Today
% Correct
Peyton Manning
98.4%
Tom Brady
93.1%
Brett Favre
88.1%
Chad Ochocinco
86.1%
Drew Brees
81.9%
Randy Moss
80.9%
LaDainian Tomlinson
80.1%
Terrell Owens
77.7%
Donovan McNabb
67.3%
Kurt Warner
64.1%
Marvin Harrison
61.8%
Reggie Wayne
55.6%
Shaun Alexander
53.3%
Thomas Jones
52.2%
Torry Holt
47.3%
% Correct
Edgerrin James
46.9%
Trent Green
43.3%
Ahman Green
43.3%
Jamal Lewis
41.9%
Isaac Bruce
40.8%
Tiki Barber
39.8%
Daunte Culpepper
38.6%
Matt Hasselbeck
38%
Clinton Portis
37.5%
Kerry Collins
33.3%
Hines Ward
32.3%
Tony Gonzalez
30.7%
Fred Taylor
28.2%
Warrick Dunn
21.9%
Derrick Mason
17.1%

You're not logged in!

Compare scores with friends on all Sporcle quizzes.
OR
Log In

You Might Also Like...

Show Comments

Extras

Top Quizzes Today


Score Distribution

Your Account Isn't Verified!

In order to create a playlist on Sporcle, you need to verify the email address you used during registration. Go to your Sporcle Settings to finish the process.

Report this User

Report this user for behavior that violates our Community Guidelines.

Details: